Islands To Owners - Statistics

General Stats
  • This quiz has been taken 17 times
    10 since last reset
  • The average score is 17 of 20
Answer Stats
Hint Answer % Correct
Tasmania Australia
100%
Java Indonesia
100%
Sicily Italy
100%
Svalbard Norway
100%
Maderia Portugal
100%
Canary Islands Spain
100%
Puerto Rico USA
100%
Zealand Denmark
90%
New Caledonia France
90%
Hokkiado Japan
90%
South Island New Zealand
90%
Jersey UK
90%
Baffin Canada
80%
Luzon Philippines
80%
Sakhalin Russia
70%
Formosa Taiwan
70%
Isabela Island Ecuador
60%
Majuro Marshall Islands
60%
Nevis St Kitts and Nevis
60%
Gan Maldives
20%
No matching quizzes found
Score Distribution
Percent of People with Each Score
Percentile by Number Answered
Your Score History
You have not taken this quiz since the last reset